<?xml version="1.0" encoding="UTF-8"?>
<collection xmlns:xsi="http://www.w3.org/2001/XMLSchema-instance" xsi:schemaLocation="http://www.loc.gov/MARC21/slim http://www.loc.gov/standards/marcxml/schema/MARC21slim.xsd" xmlns="http://www.loc.gov/MARC21/slim">
 <record>
  <leader>00000cmm a22000004a 4500</leader>
  <controlfield tag="001">UP-8027390931316151829</controlfield>
  <controlfield tag="003">Buklod</controlfield>
  <controlfield tag="005">20080206142351.0</controlfield>
  <controlfield tag="006">a     r    |||| u|</controlfield>
  <controlfield tag="007">ta</controlfield>
  <controlfield tag="008">080206s        xx     d        u        </controlfield>
  <datafield tag="040" ind1=" " ind2=" ">
   <subfield code="a">DLC</subfield>
   <subfield code="c">DLC</subfield>
   <subfield code="d">DLC</subfield>
  </datafield>
  <datafield tag="050" ind1="0" ind2="0">
   <subfield code="a">QC 173.58</subfield>
   <subfield code="b">R45 1999</subfield>
  </datafield>
  <datafield tag="100" ind1="1" ind2=" ">
   <subfield code="a">Wolfson, Richard.</subfield>
  </datafield>
  <datafield tag="245" ind1="1" ind2="0">
   <subfield code="a">Einstein's relativity &amp; the quantum revolution</subfield>
   <subfield code="h">[Richard Wolfson].</subfield>
  </datafield>
  <datafield tag="246" ind1="3" ind2="0">
   <subfield code="a">Einstein's relativity and the quantum revolution</subfield>
  </datafield>
  <datafield tag="264" ind1=" " ind2="1">
   <subfield code="a">Springfield, VA</subfield>
   <subfield code="b">Teaching Co.</subfield>
   <subfield code="c">[1999]</subfield>
  </datafield>
  <datafield tag="300" ind1=" " ind2=" ">
   <subfield code="a">12 sound discs</subfield>
   <subfield code="b">analog, Dolby processed +</subfield>
   <subfield code="e">2 course guides (22 cm.)</subfield>
  </datafield>
  <datafield tag="490" ind1="1" ind2=" ">
   <subfield code="a">The great courses on tape</subfield>
  </datafield>
  <datafield tag="500" ind1=" " ind2=" ">
   <subfield code="a">Teaching Co.: 151A--152A.</subfield>
  </datafield>
  <datafield tag="500" ind1=" " ind2=" ">
   <subfield code="a">In 2 containers (26 cm.).</subfield>
  </datafield>
  <datafield tag="505" ind1="0" ind2=" ">
   <subfield code="a">pt. 1. lecture 1. Time travel, tunneling, tennis, and tea ; lecture 2. Heaven and earth, place and motion ; lecture 3. The clockwork universe ; lecture 4. Let there be light! ; lecture 5. Speed c relative to what? ; lecture 6. Earth and the ether : a crisis in physics ; lecture 7. Einstein to the rescue ; lecture 8. Uncommon sense : stretching time ; lecture 9. Muons and time-traveling twins ; lecture 10. Escaping contradiction : simultaneity is relative ; lecture 11. Faster than light? Past, future, and elsewhere ; lecture 12. What about E=mc¬?, and is everything relative? -- pt. 2. lecture 13. A problem of gravity ; lecture 14. Curved spacetime ; lecture 15. Black holes ; lecture 16. Into the heart of matter ; lecture 17. Enter the quantum ; lecture 18. Wave or particle? ; lecture 19. Quantum uncertainty : farewell to determinism ; lecture 20. Particle or wave? ; lecture 21. Quantum weirdness and SchroÃàdinger's cat ; lecture 22. The particle zoo ; lecture 23. Cosmic connections ; lecture 24. Toward a theory of everything.</subfield>
  </datafield>
  <datafield tag="511" ind1="0" ind2=" ">
   <subfield code="a">Richard Wolfson, lecturer.</subfield>
  </datafield>
  <datafield tag="600" ind1="1" ind2="0">
   <subfield code="a">Einstein, Albert</subfield>
   <subfield code="d">1879-1955.</subfield>
  </datafield>
  <datafield tag="650" ind1="0" ind2="0">
   <subfield code="a">Relativity (Physics)</subfield>
  </datafield>
  <datafield tag="650" ind1="0" ind2="0">
   <subfield code="a">Space and time.</subfield>
  </datafield>
  <datafield tag="650" ind1="0" ind2="0">
   <subfield code="a">Quantum theory.</subfield>
  </datafield>
  <datafield tag="710" ind1="2" ind2=" ">
   <subfield code="a">Teaching Company.</subfield>
  </datafield>
  <datafield tag="830" ind1=" " ind2="0">
   <subfield code="a">Great courses on tape (Audiocassette)</subfield>
  </datafield>
  <datafield tag="942" ind1=" " ind2=" ">
   <subfield code="a">Electronic Resource</subfield>
  </datafield>
 </record>
</collection>
